| 000 | 01067nam a22003137a 4500 | ||
|---|---|---|---|
| 001 | 9909 | ||
| 003 | FISKH | ||
| 005 | 20260313124205.0 | ||
| 008 | 260313b cb ||||| |||| 00| 0 eng d | ||
| 020 | _a9781846865503 | ||
| 040 |
_aFISKH _beng _cFISKH _dFISKH |
||
| 050 | _aPZ8 .R252 | ||
| 082 | _a813.6 | ||
| 100 | _aReed , Susan | ||
| 245 |
_aUp , up, up ! / _cWritten and sung by Susan Reed : Illustrated by Rachel Oldfield |
||
| 250 | _aFirst published in the United States of America in 2010 | ||
| 260 |
_aMassachusetts : _bBarefoot Books , _c2010. |
||
| 300 |
_a26 unnumbered pages : _bcolor illustrations ; _c25 X 26 cm . |
||
| 490 | _aA Barefoot Singalong | ||
| 505 | _aF | ||
| 520 | _aA child experiences an exhilarating ride in a hot air balloon, looking down at the world from above. | ||
| 521 | 8 |
_a300
_bLexile estimate |
|
| 521 | 8 |
_aF
_bRaz-Plus |
|
| 650 |
_aVehicles _vChildren's Books |
||
| 650 |
_aTransportations _vChildren's Books |
||
| 700 |
_aOldfield , Rachel _eIllustrator |
||
| 942 |
_2ddc _cBK _n0 |
||
| 999 |
_c9909 _d9909 |
||